000 00255nam a22001217a 4500
008 170930b xxu||||| |||| 00| 0 eng d
041 _aeng
080 _a37
100 _a47
101 _aEDU
245 _aSCIENTIFIC ENGLISH
_cDAY, R.A
942 _2udc
_cBK
999 _c30985
_d30985